Identification of the functionality level of day surgery in Slovakia

Systém jednodňovej chirurgie na Slovensku sa využíva už niekoľko rokov, ale komplexná analýza jeho funkčnosti dosiaľ nebola zrealizovaná. Na zhodnotenie súčasného stavu bola vytvorená expertná skupina, ktorá identifikovala silné a slabé stránky, príležitosti a hrozby (SWOT), umožňujúce konštrukciu v...

ver descrição completa

Na minha lista:
Detalhes bibliográficos
Autor principal: Šoltés, Marek
Outros Autores: Gavurová, Beáta, 1972-
Formato: Capítulo de Livro
Idioma:inglês
Assuntos:
Tags: Adicionar Tag
Sem tags, seja o primeiro a adicionar uma tag!

MARC

LEADER 00000naa a2200000 4500
001 0197557
005 20231208073915.8
041 0 |a eng 
044 |a SK 
245 1 0 |a Identification of the functionality level of day surgery in Slovakia  |c Marek Šoltés, Beáta Gavurová 
520 |a Systém jednodňovej chirurgie na Slovensku sa využíva už niekoľko rokov, ale komplexná analýza jeho funkčnosti dosiaľ nebola zrealizovaná. Na zhodnotenie súčasného stavu bola vytvorená expertná skupina, ktorá identifikovala silné a slabé stránky, príležitosti a hrozby (SWOT), umožňujúce konštrukciu viac¬úrovňovej SWOT analýzy na zhodnotenie stupňa funkčnosti/viacfunkčnosti systému. Celková hodnota slabých stránok (W = 4,9176) prevažovala nad celkovou hodnotou silných stránok (S = 4,7929), pričom ceková hodnota príležitostí (B = 108) prevažovala nad celkovou hodnotou hrozieb (R = 71). Systém jednodňovej chirurgie môžeme zhodnotiť ako funkčný, ale jeho jednotlivé komponenty nie sú správne nastavené. Základnými bariérami jej rozvoja sú finančné prekážky, sprevádzajúce demotivujúcou úhradovou politikou, pričom sú nevyhnutné ďalšie investície do nedostatočnej a citlivej infraštruktúry. 
610 2 0 |a Slovensko 
610 2 0 |a starostlivosť zdravotná 
610 2 0 |a efektívnosť ekonomická 
610 2 0 |a politika zdravotná 
100 1 |a Šoltés, Marek 
700 1 |a Gavurová, Beáta, 1972-